Normal view
MARC view
Entry Personal Name
001 - CONTROL NUMBER
- control field: 6067
003 - CONTROL NUMBER IDENTIFIER
- control field: HDC
005 - DATE AND TIME OF LATEST TRANSACTION
- control field: 20230624073225.0
008 - FIXED-LENGTH DATA ELEMENTS
- fixed length control field: 210121|| aca||aabn | a|a d
040 ## - CATALOGING SOURCE
- Original cataloging agency: HDC
- Transcribing agency: HDC
100 ## - HEADING--PERSONAL NAME
- Personal name: NIK MOHAMAD ZAWAWI B. IBRAHIM
670 ## - SOURCE DATA FOUND
- Source citation: Work cat.: (HDC): NIK MOHAMAD ZAWAWI B. IBRAHIM, SIJIL HALAL MALAYSIA DI NEGERI JOHOR:, 2010
